000 00572nam a2200193Ia 4500
005 20260120132016.0
008 008 260114s9999 xx 000 0 eng d
020 _a9780197739235
037 _aEBOOK
040 _aCRL
_beng
_cCRL
041 _aeng
_2eng
084 _qCRL
100 _aNagarjuna
_9933827
245 4 _aThe Fundamental Wisdom of the Middle Way Nagarjunas Mulamadhyamakakarika
260 _bOxford University PressOxford University Press
_c2023
856 _uhttps://academic.oup.com/book/50348
942 _cEBOOK
999 _c1525750
_d1525750